<?xml version="1.0" encoding="UTF-8"?>
<record
    xmlns:xsi="http://www.w3.org/2001/XMLSchema-instance"
    xsi:schemaLocation="http://www.loc.gov/MARC21/slim http://www.loc.gov/standards/marcxml/schema/MARC21slim.xsd"
    xmlns="http://www.loc.gov/MARC21/slim">

  <leader>02820nam a2200301uu 4500</leader>
  <controlfield tag="001">1490088</controlfield>
  <controlfield tag="005">20260226100107.0</controlfield>
  <controlfield tag="007">cr|||||||</controlfield>
  <controlfield tag="008">180405s2018                        spa  </controlfield>
  <datafield tag="035" ind1=" " ind2=" ">
    <subfield code="a">1490088</subfield>
  </datafield>
  <datafield tag="040" ind1=" " ind2=" ">
    <subfield code="c">comduadb</subfield>
  </datafield>
  <datafield tag="041" ind1=" " ind2=" ">
    <subfield code="a">spa</subfield>
  </datafield>
  <datafield tag="080" ind1=" " ind2=" ">
    <subfield code="a">PIN</subfield>
  </datafield>
  <datafield tag="100" ind1="1" ind2="0">
    <subfield code="a">Higuita Rivera , Carolina</subfield>
    <subfield code="4">aut</subfield>
    <subfield code="e">aut</subfield>
    <subfield code="9">769991</subfield>
  </datafield>
  <datafield tag="245" ind1="1" ind2="0">
    <subfield code="a">Estandarizaci&#xF3;n y mejoramiento de la productividad en el ensamble del modelo Pulsar  NS 200 en la l&#xED;nea de producci&#xF3;n 2 de la planta de Itagu&#xED; de la Empresa Auteco S.A</subfield>
  </datafield>
  <datafield tag="260" ind1=" " ind2=" ">
    <subfield code="a">Medell&#xED;n :</subfield>
    <subfield code="b">[sin publicador],</subfield>
    <subfield code="c">2018.</subfield>
  </datafield>
  <datafield tag="300" ind1=" " ind2=" ">
    <subfield code="a">79 p&#xE1;ginas</subfield>
  </datafield>
  <datafield tag="520" ind1="3" ind2=" ">
    <subfield code="a">El presente informe, tuvo como prop&#xF3;sito estandarizar y mejorar de la productividad en el ensamble del modelo Pulsar NS 200 en la l&#xED;nea de producci&#xF3;n 2 de la planta de Itag&#xFC;&#xED; de la empresa Auteco S.A con el fin de establecer est&#xE1;ndares que le permitieran a la compa&#xF1;&#xED;a continuar siendo la l&#xED;der en el mercado de las motocicletas, mediante la implementaci&#xF3;n de mejoras en el proceso para reducir los tiempos improductivos, los paros de l&#xED;nea, los desplazamientos innecesarios, los defectos en la producci&#xF3;n, mejorar la ergonom&#xED;a de los puestos de trabajo y capacitar al personal en temas fundamentales en el d&#xED;a a d&#xED;a de la empresa, tales como: el uso de las herramientas, la aplicaci&#xF3;n de las 5's, entre otros. Lo cual se llev&#xF3; a cabo mediante la aplicaci&#xF3;n de diferentes t&#xE9;cnicas orientadas a  mejorar la productividad, disminuci&#xF3;n de los paros de l&#xED;nea y los defectos al momento del ensamble de dicho modelo, para lo cual fue necesario realizar un recorrido por las distintas nociones de la disciplina de mejoramiento continuo, grupos kaizen, trazabilidad en datos de inventario, estudio de m&#xE9;todos y tiempos, realizaci&#xF3;n de fichas ergon&#xF3;micas, aplicaci&#xF3;n de las 5's, adem&#xE1;s, se realiz&#xF3; el balanceo de l&#xED;nea para el modelo en estudio(Pulsar NS 200), dado que es el modelo m&#xE1;s ensamblado en la l&#xED;nea la mayor limitaci&#xF3;n ser&#xED;a la programaci&#xF3;n de producci&#xF3;n de las motocicletas de menores ventas, en este sentido, tambi&#xE9;n se tuvo cierto temor al cambio por parte de algunos involucrados en el proceso, lo cual retraso un poco las acciones a realizar, sin embargo, se logr&#xF3; el objetivo del proyecto. En este orden de ideas, el trabajo presentado tiene como objetivo estandarizar  y mejorar los procesos involucrados en el ensamble del modelo seleccionado.</subfield>
  </datafield>
  <datafield tag="650" ind1=" " ind2="7">
    <subfield code="a">Productividad</subfield>
    <subfield code="2">Ocde</subfield>
    <subfield code="9">480</subfield>
  </datafield>
  <datafield tag="650" ind1=" " ind2=" ">
    <subfield code="a">Normalizaci&#xF3;n</subfield>
    <subfield code="9">10035</subfield>
  </datafield>
  <datafield tag="650" ind1=" " ind2=" ">
    <subfield code="a">Mejoramiento continuo</subfield>
    <subfield code="9">827</subfield>
  </datafield>
  <datafield tag="700" ind1="1" ind2="0">
    <subfield code="a">Correa Puerta, Claudia Sof&#xED;a</subfield>
    <subfield code="4">ths</subfield>
    <subfield code="e">ths</subfield>
    <subfield code="9">281773</subfield>
  </datafield>
  <datafield tag="700" ind1="1" ind2="0">
    <subfield code="a">Castro Cardona , Santiago</subfield>
    <subfield code="4">ths</subfield>
    <subfield code="e">ths</subfield>
    <subfield code="9">734383</subfield>
  </datafield>
  <datafield tag="856" ind1="4" ind2=" ">
    <subfield code="u">https://drive.google.com/file/d/1u16B_rkw1ueG9Ujr1Mzp9Q7uMdahrJpK/view?usp=sharing</subfield>
  </datafield>
  <datafield tag="942" ind1=" " ind2=" ">
    <subfield code="c">TESIS</subfield>
    <subfield code="n">0</subfield>
  </datafield>
  <datafield tag="999" ind1=" " ind2=" ">
    <subfield code="c">772122</subfield>
    <subfield code="d">772122</subfield>
  </datafield>
  <datafield tag="502" ind1=" " ind2=" ">
    <subfield code="b">174</subfield>
    <subfield code="c">17</subfield>
  </datafield>
  <datafield tag="526" ind1=" " ind2=" ">
    <subfield code="a">176</subfield>
  </datafield>
</record>
